000 00719nam a2200241 u 4500
001 000027303
003 DO-SdBNP
005 20250129073605.0
007 ta
008 110331s1986 dr r 000 0 spa d
040 _aDO-SdBNP
_bspa
_cBNPHU
049 _aBNPD
082 4 _222
100 1 _aBalcácer, Juan Daniel,
_d1949-
_96566
245 1 3 _aEl pensamiento político de Duarte /
_cJuan Daniel Balcácer.
260 _aSanto Domingo :
_bTaller,
_c1986.
300 _a48 p. :
_bil. ;
_c22 cm.
490 1 _aBiblioteca Taller
_v231
500 _aIncluye referencias bibliográficas y notas al pie de las páginas
590 _aInventariado, 2022/BT
830 0 _aBiblioteca Taller
_v231
_9164
942 _2ddc
_cLBS1
999 _c26795
_d26795